Medicina legal y toxicología / (Registro nro. 905)

Detalles MARC
000 -LEADER
fixed length control field 01152nam a2200349 a 4500
008 - CAMPO DE CONTROL (LIBRO)
fixed length control field 110817s2001 sp a f |||| 001 0 spa d
020 ## - INTERNATIONAL STANDARD BOOK NUMBER
ISBN 9788445805855
041 ## - CODIGO DE IDIOMA
Código de idioma del texto/pista de sonido o título separado spa
092 ## - SIGNATURA TOPOGRAFICA DEWEY LOCAL
número de clasificación 614.1
libristica 29
sección GIS
100 1# - ENTRADA PRINCIPAL--NOMBRE PERSONAL
Nombre personal Gisbert Calabuig, Juan Antonio
9 (RLIN) 876
245 ## - TITULO PROPIAMENTE DICHO
Título Medicina legal y toxicología /
Mención de responsabilidad y remanente de la transcripción de la portada J. A. Gisbert Calabuig
250 ## - MENCION DE EDICION
Mención de edición 5a ed. reimpr.
260 ## - PIE DE IMPRENTA
Lugar de publicación, distribución, etc Barcelona:
Nombre de la editorial, distribuidor, etc Masson;
Fecha de publicación 2001.
300 ## - DESCRIPCION FISICA
Extension 1214 p.
500 ## - NOTA GENERAL
Nota general Gisbert Calabuig, J. A. (2001). Medicina legal y toxicología. (5a ed.). Barcelona : Masson.
653 ## - TÉRMINO INDIZADO - PALABRAS CLAVES
Palabra clave Medicina Legal
653 ## - TÉRMINO INDIZADO - PALABRAS CLAVES
Palabra clave Derecho médico aplicado
653 ## - TÉRMINO INDIZADO - PALABRAS CLAVES
Palabra clave Peritación médico-legal
653 ## - TÉRMINO INDIZADO - PALABRAS CLAVES
Palabra clave Medicina legal tanatológica
653 ## - TÉRMINO INDIZADO - PALABRAS CLAVES
Palabra clave Patología forense general
653 ## - TÉRMINO INDIZADO - PALABRAS CLAVES
Palabra clave Patología forense especial
653 ## - TÉRMINO INDIZADO - PALABRAS CLAVES
Palabra clave Medicina legal laboral
653 ## - TÉRMINO INDIZADO - PALABRAS CLAVES
Palabra clave Medicina legal sexológica y de la reproducción
653 ## - TÉRMINO INDIZADO - PALABRAS CLAVES
Palabra clave Medicina legal de la infancia
653 ## - TÉRMINO INDIZADO - PALABRAS CLAVES
Palabra clave Toxicología general
653 ## - TÉRMINO INDIZADO - PALABRAS CLAVES
Palabra clave Toxicología especial
653 ## - TÉRMINO INDIZADO - PALABRAS CLAVES
Palabra clave Psiquiatría forense legal
653 ## - TÉRMINO INDIZADO - PALABRAS CLAVES
Palabra clave Criminalística
653 ## - TÉRMINO INDIZADO - PALABRAS CLAVES
Palabra clave Identificación
653 ## - TÉRMINO INDIZADO - PALABRAS CLAVES
Palabra clave Genética forense
942 ## - ADDED ENTRY ELEMENTS (KOHA)
Source of classification or shelving scheme Dewey Decimal Classification
Item type Libros
Existencias
Estado de retiro Existencia Fuente de clasificación Estado general No para prestamo Colección Ubicación permanente ubicación actual Sala de ubicación Fecha de adquisición Total Checkouts Número de clasificación Código de barras Date last seen Date last borrowed Número de ejemplar Price effective from Koha tipo de elemento (item) Public note
    Dewey Decimal Classification     Reference Biblioteca Medicina Biblioteca Medicina Referencia 17/08/2011 1 614.1 29 GIS 1056 06/11/2014 24/11/2011 ej.1 17/08/2011 Reference LIBRO DE CONSULTA

UNIVERSIDAD NACIONAL DEL COMAHUE
Biblioteca de la Facultad de Ciencias Médicas
Sede Toschi: Los Arrayanes y Av. Toschi, Cipolletti  - Rio Negro
Sede Los Tordos:  Yrigoyen al 2211, Cipolletti - Rio Negro 

Teléfono: 0299 - 4774707 int 25
Contacto: biblioteca@facimed.uncoma.edu.ar
© 2011 - 2026